000 00482nam a22001817a 4500
003 NUST - PNEC
005 20170116180822.0
008 150615b xxu||||| |||| 00| 0 eng d
020 _a-
040 _cLIBRARY
082 _a297.63 TUF
100 _93983
_aTufail, Mohammad
245 _aNaqoosh Rasool s.a.w. No. Jild 3
_cMuhammad Tufail
260 _aLahore:
_bIdara Faroogh e Urdu,
300 _avarious pagings:
_c24 cm.
650 _93985
_aIslam
_xGeneral
942 _2ddc
_cBK
999 _c63767
_d63767